[Event "Arab Games 2011"]
[Site "0:01.51-0:02.07"]
[Date "2011.12.12"]
[Round "6"]
[White "Emhemed Inas"]
[Black "Elamri Laila A"]
[Result "1-0"]
[WhiteElo "1486"]
[BlackElo "1910"]
[PlyCount "71"]
[EventDate "2011.??.??"]

1. d4 Nf6 2. Nf3 g6 3. g3 Bg7 4. Bg2 d5 5. O-O Bd7 6. c4 c6 7. Nc3 Qc8 8. Re1
Bh3 9. Bh1 h5 10. Bg5 Ne4 11. Bf4 Nxc3 12. bxc3 Nd7 13. Ng5 Nf6 14. Nxh3 Qxh3
15. Bg2 Qd7 16. c5 h4 17. gxh4 Rxh4 18. Bg3 Rh7 19. Qd3 Nh5 20. e4 O-O-O 21.
exd5 cxd5 22. Rab1 Rdh8 23. c6 Qxc6 24. Rxe7 Nxg3 25. Qxg3 Rxh2 26. Rbxb7 Qxb7
27. Rxb7 Kxb7 28. Bxd5+ Kc8 29. Qg4+ Kd8 30. Bc6 Ke7 31. Qd7+ Kf6 32. Bd5 Bf8
33. Qxf7+ Kg5 34. f4+ Kg4 35. Qxg6+ Kh3 36. Bg2+ 1-0

[Event "Arab Games 2011"]
[Site "0:25.10-0:25.10"]
[Date "2011.12.12"]
[Round "6"]
[White "Wafa Shrook"]
[Black "Al-Zarouni, Kholoud Essa"]
[Result "1-0"]
[WhiteElo "1873"]
[BlackElo "1861"]
[PlyCount "89"]
[EventDate "2011.??.??"]

1. e4 e5 2. Nf3 Nc6 3. Bb5 a6 4. Ba4 Nf6 5. d4 b5 6. dxe5 Nxe4 7. Bb3 Be7 8.
Qd5 O-O 9. Qxe4 Bb7 10. Bd5 Re8 11. O-O Bf6 12. Bxf7+ Kxf7 13. Qd5+ Kf8 14.
exf6 Qxf6 15. Nc3 Qg6 16. Qxd7 Ne5 17. Nh4 Nxd7 18. Nxg6+ hxg6 19. a3 Re6 20.
Bf4 c5 21. Rad1 Bc6 22. Nd5 Rc8 23. h3 Ne5 24. Ne3 Rce8 25. Bxe5 Rxe5 26. Rd6
R5e6 27. Rfd1 Be4 28. c4 b4 29. axb4 cxb4 30. Rxe6 Rxe6 31. Rd8+ Kf7 32. Rb8 a5
33. Rb5 Ra6 34. Kh2 Bc6 35. Rb8 Ra7 36. Ng4 Ke6 37. Rb6 Kd6 38. Rb8 Rb7 39. Rf8
Be4 40. Ra8 Bd3 41. Ne3 Kc5 42. Rxa5+ Kd4 43. Rd5+ Ke4 44. b3 Be2 45. Kg3 1-0

[Event "Arab Games 2011"]
[Site "0:25.10-0:25.10"]
[Date "2011.12.12"]
[Round "7"]
[White "Latreche Sabrina"]
[Black "Mona Khaled"]
[Result "1-0"]
[WhiteElo "1995"]
[BlackElo "2109"]
[PlyCount "113"]
[EventDate "2011.??.??"]

1. e4 c6 2. c4 d5 3. cxd5 cxd5 4. e5 Nc6 5. f4 Bf5 6. Bb5 e6 7. Ne2 Qb6 8.
Bxc6+ bxc6 9. d4 Nh6 10. Nbc3 Be7 11. O-O O-O 12. h3 c5 13. Na4 Qb5 14. Be3 Qd3
15. Qxd3 Bxd3 16. Rfe1 Nf5 17. Bf2 c4 18. Nc1 Bc2 19. Nc3 Rfb8 20. Re2 Rxb2 21.
Na4 Rb1 22. Rxb1 Bxb1 23. Rb2 Be4 24. g4 Ba3 25. gxf5 Bxb2 26. Nxb2 Bxf5 27. h4
Bc2 28. Kf1 Rb8 29. Nxc4 dxc4 30. Ke1 Rb2 31. d5 exd5 32. Bd4 Rb7 33. Kd2 Bb1
34. Kc3 g6 35. Kd2 Kf8 36. Bc5+ Ke8 37. Ba3 Kd7 38. Kc3 Ke6 39. Kd4 a6 40. Ne2
Bxa2 41. Nc3 Rb3 42. Bf8 Bb1 43. Bh6 a5 44. Bg5 Be4 45. Bd8 Ra3 46. Bg5 Ra1 47.
Kc5 a4 48. Nb5 a3 49. Kc6 d4+ 50. Kc5 d3 51. Kxc4 a2 52. Nd4+ Kd7 53. Nb3 Rc1+
54. Kd4 a1=Q+ 55. Nxa1 Rxa1 56. Ke3 Ra2 57. h5 1-0

[Event "Arab Games 2011"]
[Site "0:25.10-0:25.10"]
[Date "2011.12.12"]
[Round "7"]
[White "Fuad Natalie"]
[Black "Boshra, Alshaeby"]
[Result "1-0"]
[WhiteElo "1952"]
[BlackElo "1884"]
[PlyCount "71"]
[EventDate "2011.??.??"]

1. e4 c5 2. Nf3 Nc6 3. d4 cxd4 4. Nxd4 e5 5. Nb3 Bb4+ 6. Bd2 Qh4 7. Qe2 Nf6 8.
Bxb4 Nxb4 9. c3 Nc6 10. N1d2 O-O 11. g3 Qh6 12. Bg2 d6 13. f3 Be6 14. c4 Nd7
15. O-O f5 16. exf5 Bxf5 17. Ne4 Nb6 18. Rad1 Rad8 19. Rd2 Qe6 20. Rc1 d5 21.
Nec5 Qf7 22. cxd5 Nxd5 23. Qc4 Ne3 24. Qxf7+ Rxf7 25. Rxd8+ Nxd8 26. Kf2 Nxg2
27. Kxg2 Nc6 28. Re1 Re7 29. Nd2 b6 30. Nce4 Nb4 31. Rc1 Nxa2 32. Rc4 a5 33.
Rc6 b5 34. Rc5 Rb7 35. Nd6 Rd7 36. Rc8+ 1-0

[Event "Arab Games 2011"]
[Site "0:25.10-0:25.10"]
[Date "2011.12.12"]
[Round "7"]
[White "Mezioud Amina"]
[Black "Ibraheem Delbak, Ismael Ib"]
[Result "1-0"]
[WhiteElo "2065"]
[BlackElo "1919"]
[PlyCount "71"]
[EventDate "2011.??.??"]

1. e4 c5 2. c3 Nf6 3. e5 Nd5 4. d4 cxd4 5. cxd4 Nc6 6. Bc4 Nb6 7. Bb3 d6 8.
exd6 Qxd6 9. Nf3 Bf5 10. Nc3 a6 11. O-O e6 12. Be3 Be7 13. d5 Nxd5 14. Bxd5
exd5 15. Nxd5 O-O 16. Nxe7+ Qxe7 17. Bg5 Qb4 18. Qc1 Rac8 19. Bd2 Qb6 20. Bc3
Rfe8 21. Qg5 Bg6 22. Nh4 h6 23. Qg3 Qc7 24. f4 Qb6+ 25. Kh1 Qe3 26. Qg4 h5 27.
Qg5 Qe7 28. Qg3 Qe3 29. Rf3 Qe4 30. f5 Nd4 31. Bxd4 Qxd4 32. fxg6 f6 33. Nf5
Qxb2 34. Raf1 Rc2 35. Qh4 Rxg2 36. Qxh5 1-0

[Event "Arab Games 2011"]
[Site "0:25.10-0:25.10"]
[Date "2011.12.12"]
[Round "7"]
[White "Bedrosian, Danielle"]
[Black "Wafa Shrook"]
[Result "0-1"]
[WhiteElo "1796"]
[BlackElo "1873"]
[PlyCount "64"]
[EventDate "2011.??.??"]

1. c4 Nf6 2. Nc3 e6 3. e4 d6 4. g3 Be7 5. Bg2 O-O 6. d3 Nc6 7. Nge2 e5 8. O-O
Be6 9. Nd5 Qd7 10. Nxe7+ Nxe7 11. b3 Bh3 12. Bb2 Bxg2 13. Kxg2 Ng6 14. f4 Qg4
15. h3 Qd7 16. f5 Ne7 17. g4 Ne8 18. Ng3 f6 19. h4 Rd8 20. Qd2 c6 21. g5 d5 22.
Rad1 dxe4 23. Nxe4 Nxf5 24. Qf2 fxg5 25. hxg5 Ned6 26. Bxe5 Qe7 27. Bxd6 Nxd6
28. Qg3 Nxe4 29. dxe4 Qxe4+ 30. Kh2 Qe2+ 31. Qg2 Qh5+ 32. Kg1 Rxd1 0-1

[Event "Arab Games 2011"]
[Site "0:25.10-0:25.10"]
[Date "2011.12.12"]
[Round "7"]
[White "Elamri Laila A"]
[Black "Al-Harmoudi, Mona"]
[Result "0-1"]
[WhiteElo "1910"]
[BlackElo "1795"]
[PlyCount "52"]
[EventDate "2011.??.??"]

1. e4 g6 2. d4 Bg7 3. Be3 d6 4. c3 Nf6 5. f3 O-O 6. Qd2 Nc6 7. Bh6 e5 8. d5 Ne7
9. h4 Nh5 10. Ne2 f5 11. g3 fxe4 12. fxe4 Bg4 13. Rg1 Qe8 14. Bxg7 Kxg7 15. Qg5
Qf7 16. Qe3 c6 17. dxc6 bxc6 18. Nd2 Qe6 19. Nb3 a5 20. Rd1 a4 21. Nbc1 d5 22.
Nd3 Rae8 23. Nc5 Qc8 24. exd5 Nxd5 25. Qd2 Qf5 26. Rc1 Qf2+ 0-1

[Event "Arab Games 2011"]
[Site "0:25.10-0:25.10"]
[Date "2011.12.12"]
[Round "8"]
[White "Al-Rufaye Iman, Hasan Moha"]
[Black "Fuad Natalie"]
[Result "1/2-1/2"]
[WhiteElo "2155"]
[BlackElo "1952"]
[PlyCount "75"]
[EventDate "2011.??.??"]

1. e4 c5 2. Nf3 e6 3. d4 cxd4 4. Nxd4 Nf6 5. Nc3 d6 6. g3 Be7 7. Bg2 a6 8. O-O
O-O 9. h3 Qc7 10. Nde2 Nc6 11. a4 Rb8 12. Bf4 b5 13. Qd2 b4 14. Na2 a5 15. c4
e5 16. Be3 Ba6 17. b3 Nd7 18. Rad1 Rfd8 19. Nac1 Nc5 20. f4 Bb7 21. g4 Bf8 22.
g5 exf4 23. Nxf4 Ne5 24. Nd5 Bxd5 25. Qxd5 Qc6 26. h4 Qxd5 27. Rxd5 Re8 28.
Bxc5 dxc5 29. Nd3 Nxd3 30. Rxd3 Rbd8 31. Rfd1 Be7 32. Rd5 Rxd5 33. Rxd5 Rd8 34.
e5 f6 35. gxf6 gxf6 36. Rxd8+ Bxd8 37. Bd5+ Kf8 38. exf6 1/2-1/2

[Event "Arab Games 2011"]
[Site "0:25.10-0:25.10"]
[Date "2011.12.12"]
[Round "8"]
[White "Mona Khaled"]
[Black "Mezioud Amina"]
[Result "1-0"]
[WhiteElo "2109"]
[BlackElo "2065"]
[PlyCount "50"]
[EventDate "2011.??.??"]

1. Nf3 b5 2. g3 Bb7 3. Bg2 Nf6 4. O-O g6 5. d4 Bg7 6. c3 O-O 7. Nbd2 d6 8. a4
c6 9. e4 a6 10. e5 dxe5 11. Nxe5 Nfd7 12. Qe2 Nxe5 13. dxe5 Qc7 14. Re1 bxa4
15. Rxa4 a5 16. Rh4 Na6 17. Nf3 f6 18. Qc4+ Kh8 19. Qg4 Kg8 20. Qe6+ Rf7 21.
Bh6 Bc8 22. Qc4 Qb6 23. Bxg7 Nc5 24. exf6 Ba6 25. Rxh7 Kxh7 1-0

[Event "Arab Games 2011"]
[Site "0:01.18-0:00.02"]
[Date "2011.12.12"]
[Round "8"]
[White "Wafa Shrook"]
[Black "Al-Khelaifi Aisha"]
[Result "1-0"]
[WhiteElo "1873"]
[BlackElo "1674"]
[PlyCount "90"]
[EventDate "2011.??.??"]

1. e4 e5 2. Nf3 Nf6 3. Nxe5 d6 4. Nf3 Nxe4 5. Nc3 Nxc3 6. dxc3 Be7 7. Be2 Nc6
8. Bf4 Be6 9. Qd2 Qd7 10. O-O-O a6 11. Rhe1 O-O-O 12. Ng5 Bxg5 13. Bxg5 f6 14.
Bf4 Kb8 15. c4 Qf7 16. Qc3 Rhe8 17. Kb1 Ne5 18. b3 Nd7 19. Ka1 Bf5 20. g4 Bg6
21. Rb1 Nc5 22. f3 f5 23. b4 Ne6 24. Be3 fxg4 25. fxg4 Qf6 26. Qxf6 gxf6 27.
Bd3 Nf8 28. Bd4 Nd7 29. h4 Ne5 30. Bxe5 Bxd3 31. Bxf6 Rxe1 32. Rxe1 Rf8 33.
cxd3 Rxf6 34. Re8+ Ka7 35. Re7 Rh6 36. h5 Kb6 37. Kb2 Kc6 38. Kc3 Kb6 39. a4 c5
40. b5 axb5 41. cxb5 Ka7 42. a5 Kb8 43. b6 Kc8 44. Re8+ Kd7 45. a6 d5 1-0

[Event "Arab Games 2011"]
[Site "0:02.10-0:00.50"]
[Date "2011.12.12"]
[Round "8"]
[White "Ibraheem Delbak, Ismael Ib"]
[Black "Jalloul Maya M"]
[Result "1-0"]
[WhiteElo "1919"]
[BlackElo "1920"]
[PlyCount "115"]
[EventDate "2011.??.??"]

1. e4 c5 2. Nf3 d6 3. d4 Nf6 4. Nc3 cxd4 5. Nxd4 a6 6. Be2 e5 7. Nf3 Be7 8. O-O
O-O 9. Bg5 Nbd7 10. Qd2 b5 11. Bxf6 Nxf6 12. a3 Bb7 13. Bd3 Rc8 14. Qe2 Re8 15.
Rfd1 Bf8 16. Nd2 Nd7 17. Nd5 Nc5 18. Nb3 Nxd3 19. Rxd3 Rc4 20. Rad1 Qh4 21. f3
Qd8 22. Ne3 Qb6 23. Kh1 Rc7 24. Nf5 Re6 25. Qd2 Rc6 26. Na5 Rc8 27. Nxb7 Qxb7
28. Nxd6 Bxd6 29. Rxd6 Rxd6 30. Qxd6 f6 31. Qe6+ Kh8 32. Rd7 Qa8 33. Qe7 Rg8
34. h4 Qc8 35. Rc7 Qd8 36. Qd7 Qxd7 37. Rxd7 h6 38. Rd6 Rc8 39. c3 a5 40. Rb6
Rc5 41. Kg1 a4 42. Kf2 Kg8 43. Ke3 Kf7 44. Kd3 Kg6 45. Rd6 Kf7 46. Rd5 Rxd5+
47. exd5 Ke7 48. c4 bxc4+ 49. Kxc4 Kd6 50. Kb4 Kxd5 51. Kxa4 f5 52. Kb3 e4 53.
fxe4+ fxe4 54. Kc3 Kc5 55. b4+ Kd5 56. b5 Kc5 57. a4 Kb6 58. Kd4 1-0

[Event "Arab Games 2011"]
[Site "0:00.34-0:00.27"]
[Date "2011.12.12"]
[Round "8"]
[White "Al-Harmoudi, Mona"]
[Black "Bedrosian, Danielle"]
[Result "1/2-1/2"]
[WhiteElo "1795"]
[BlackElo "1796"]
[PlyCount "112"]
[EventDate "2011.??.??"]

1. d4 Nf6 2. c4 e6 3. Nc3 Bb4 4. Qc2 b6 5. Bg5 Bb7 6. a3 Bxc3+ 7. bxc3 h6 8.
Bxf6 Qxf6 9. e4 d6 10. Bd3 O-O 11. Ne2 Qg5 12. O-O e5 13. d5 Nd7 14. f4 exf4
15. Rxf4 Nc5 16. Raf1 Bc8 17. Nd4 Bd7 18. R1f3 Bg4 19. Rf2 Rae8 20. Be2 Bd7 21.
Nf5 Qd8 22. Ng3 Re5 23. Bg4 Bxg4 24. Rxg4 Rg5 25. Rgf4 Qe7 26. h4 Rxg3 27. Qe2
Nd7 28. Kh2 Rg6 29. h5 Rf6 30. Qg4 Rxf4 31. Rxf4 Nf6 32. Qf5 Qe5 33. Qxe5 dxe5
34. Rh4 Rd8 35. Kg3 Rd6 36. Kf3 Nd7 37. Ke3 Rf6 38. g3 Nc5 39. Ke2 a5 40. Ke3
Na4 41. Kd2 Rf3 42. Rh1 Rxg3 43. Rc1 Rg2+ 44. Kd3 Rh2 45. c5 Nxc5+ 46. Kc4 Rxh5
47. Kb5 Rg5 48. Kc6 Rg6+ 49. Kxc7 Nxe4 50. c4 Nc5 51. Rb1 e4 52. d6 Na6+ 53.
Kd7 Nb8+ 54. Kc7 Na6+ 55. Kd7 Nc5+ 56. Kc7 Na6+ 1/2-1/2

[Event "Arab Games 2011"]
[Site "0:13.04-0:06.32"]
[Date "2011.12.12"]
[Round "9"]
[White "Mona Khaled"]
[Black "Boshra, Alshaeby"]
[Result "1-0"]
[WhiteElo "2109"]
[BlackElo "1884"]
[PlyCount "65"]
[EventDate "2011.??.??"]

1. d4 Nf6 2. Nf3 c5 3. d5 d6 4. c4 g6 5. Nc3 Bg7 6. e4 O-O 7. Be2 Na6 8. O-O
Nc7 9. Nd2 a6 10. a4 Rb8 11. f4 Qe8 12. Re1 h5 13. Nf3 Bg4 14. e5 Nd7 15. exd6
exd6 16. h3 Bxf3 17. Bxf3 Qd8 18. Ne4 Ne8 19. Ra3 b5 20. axb5 axb5 21. b3 bxc4
22. bxc4 Rb4 23. Be2 Ndf6 24. Ng5 Nh7 25. Ne4 Nef6 26. Nc3 Re8 27. Bd3 Nd7 28.
Nb5 Rxe1+ 29. Qxe1 Qb6 30. Qe8+ Nhf8 31. Ra7 Rxb5 32. Rxd7 Kh7 33. Rxf7 1-0

[Event "Arab Games 2011"]
[Site "0:00.55-0:05.29"]
[Date "2011.12.12"]
[Round "9"]
[White "Mezioud Amina"]
[Black "Al-Rufaye Iman, Hasan Moha"]
[Result "0-1"]
[WhiteElo "2065"]
[BlackElo "2155"]
[PlyCount "54"]
[EventDate "2011.??.??"]

1. e4 e5 2. Nf3 Nc6 3. Bc4 Bc5 4. O-O Nf6 5. d3 d6 6. c3 O-O 7. Bb3 a6 8. Nbd2
Ba7 9. Re1 Be6 10. Bc2 h6 11. Nf1 Ne7 12. Ng3 Ng6 13. h3 Qd7 14. Nf5 Bxf5 15.
exf5 Qxf5 16. d4 e4 17. Nh2 Rfe8 18. f3 d5 19. fxe4 Nxe4 20. Rf1 Qe6 21. Qd3 c5
22. Ng4 cxd4 23. cxd4 h5 24. Nf2 Nxf2 25. Rxf2 Qe1+ 26. Rf1 Qe2 27. Qxe2 Rxe2
0-1

[Event "Arab Games 2011"]
[Site "0:02.43-0:00.05"]
[Date "2011.12.12"]
[Round "9"]
[White "Fuad Natalie"]
[Black "Ibraheem Delbak, Ismael Ib"]
[Result "1-0"]
[WhiteElo "1952"]
[BlackElo "1919"]
[PlyCount "152"]
[EventDate "2011.??.??"]

1. e4 c5 2. Nf3 Nc6 3. d4 cxd4 4. Nxd4 Nf6 5. Nc3 e5 6. Ndb5 d6 7. Bg5 a6 8.
Na3 b5 9. Nd5 Be7 10. Bxf6 Bxf6 11. c3 Bg5 12. Nc2 O-O 13. Nce3 Ne7 14. Be2 Kh8
15. O-O Bxe3 16. Nxe3 Be6 17. a4 bxa4 18. Rxa4 Rb8 19. Rxa6 Rxb2 20. Rxd6 Qc7
21. Bf3 Qxc3 22. Rd8 Rb8 23. Rxb8 Rxb8 24. Qd6 Qb4 25. Qxe5 Nc6 26. Qc7 Rc8 27.
Qg3 Nd4 28. Nd5 Bxd5 29. exd5 Nxf3+ 30. Qxf3 Qb7 31. Rd1 Kg8 32. Qd3 Rd8 33. g3
h6 34. Qd4 Rd6 35. Qc5 Qd7 36. Kg2 Qe7 37. Qc8+ Kh7 38. Qf5+ g6 39. Qd3 Qe5 40.
Qd4 Qf5 41. Qd3 Qe5 42. Qf3 Kg7 43. Qd3 h5 44. Qd4 Qxd4 45. Rxd4 Kf6 46. f4 Kf5
47. h3 g5 48. Kf3 gxf4 49. gxf4 h4 50. Rd1 Rd8 51. d6 Ke6 52. Kg4 Kd7 53. Kxh4
Rh8+ 54. Kg4 Rg8+ 55. Kf3 Rh8 56. Kg3 Rg8+ 57. Kh2 Rg6 58. h4 Rg4 59. Kh3 Rxf4
60. h5 Rf6 61. Kg4 Rh6 62. Kg5 Rh8 63. h6 Rh7 64. Rd2 Rh8 65. Rf2 Rg8+ 66. Kh5
Kxd6 67. Rxf7 Ke6 68. Rf2 Rg1 69. h7 Rh1+ 70. Kg6 Rg1+ 71. Kh6 Rh1+ 72. Kg7
Rg1+ 73. Kf8 Rh1 74. Rf7 Rh2 75. Kg8 Rg2+ 76. Rg7 Kd5 1-0

[Event "Arab Games 2011"]
[Site "0:11.09-0:01.03"]
[Date "2011.12.12"]
[Round "9"]
[White "Latreche, Sabrina"]
[Black "Al-Harmoudi Mona"]
[Result "1-0"]
[WhiteElo "1995"]
[BlackElo "1795"]
[PlyCount "67"]
[EventDate "2011.??.??"]

1. e4 e6 2. Qe2 g6 3. Nf3 Bg7 4. d3 Nf6 5. g3 O-O 6. Bg2 Nc6 7. c3 d5 8. e5 Nd7
9. d4 Ne7 10. O-O c5 11. h4 cxd4 12. cxd4 Nf5 13. Nc3 h6 14. Rd1 Nb6 15. Bf4
Bd7 16. Bh3 Rc8 17. Rac1 a6 18. Kh2 Kh7 19. Rg1 Qe7 20. Rcd1 Rc4 21. Qd2 Rfc8
22. g4 Nxh4 23. Nxh4 g5 24. Nf3 gxf4 25. Qxf4 Rh8 26. Qg3 f6 27. exf6 Bxf6 28.
Ne5 Bxe5 29. Qxe5 Rcc8 30. g5 Nc4 31. g6+ Kg8 32. Nxd5 Nxe5 33. Nxe7+ Kg7 34.
dxe5 1-0

[Event "Arab Games 2011"]
[Site "0:13.01-0:06.47"]
[Date "2011.12.12"]
[Round "9"]
[White "Emhemed Inas"]
[Black "Arif Fadoua"]
[Result "1/2-1/2"]
[WhiteElo "1486"]
[BlackElo "1844"]
[PlyCount "82"]
[EventDate "2011.??.??"]

1. d4 e6 2. Nf3 c5 3. g3 cxd4 4. Nxd4 d5 5. Bg2 Nc6 6. Nxc6 bxc6 7. O-O Nf6 8.
c4 Rb8 9. Bf4 Rxb2 10. Nc3 Ba6 11. cxd5 cxd5 12. Qa4+ Bb5 13. Nxb5 Qd7 14. Nc7+
Kd8 15. Qxa7 Rc2 16. Qa8+ Qc8 17. Qxc8+ Kxc8 18. Rfc1 Rxc1+ 19. Rxc1 Kd7 20.
Nb5 Be7 21. Rc7+ Kd8 22. a4 Nd7 23. Ra7 Ke8 24. Ra8+ Bd8 25. Bd6 Nb6 26. Nc7+
Kd7 27. Ra7 Kxd6 28. Nb5+ Kc5 29. e4 Nxa4 30. Rxa4 Kxb5 31. Ra7 dxe4 32. Rxf7
Bf6 33. Bxe4 Rd8 34. Bxh7 Rd2 35. Rb7+ Kc5 36. Rc7+ Kd6 37. Rc2 Rxc2 38. Bxc2
Ke7 39. f4 Kf7 40. h4 g6 41. Kg2 Bd4 1/2-1/2